Strieborná ekonomika v podmienkach Slovenska a oblasti možného uplatnenia

Rozvoj striebornej ekonomiky v európskom kontexte. Potenciálne oblasti rozvoja v Slovenskej ekonomike. Kúpeľníctvo a kúpelný ruch na Slovensku.

Gespeichert in:
Bibliographische Detailangaben
1. Verfasser: Páleník, Viliam
Format: Buchkapitel
Sprache:Slowakisch
Schlagworte:
Tags: Tag hinzufügen
Keine Tags, Fügen Sie das erste Tag hinzu!

MARC

LEADER 00000naa a2200000 4500
001 0205519
005 20220728114645.0
041 0 |a slo 
044 |a SK 
245 1 0 |a Strieborná ekonomika v podmienkach Slovenska a oblasti možného uplatnenia  |c Viliam Páleník 
520 |a Rozvoj striebornej ekonomiky v európskom kontexte. Potenciálne oblasti rozvoja v Slovenskej ekonomike. Kúpeľníctvo a kúpelný ruch na Slovensku. 
610 2 0 |a ekonomika strieborná 
610 2 0 |a Slovensko 
610 2 0 |a starnutie populácie 
610 2 0 |a politika sociálna 
610 2 0 |a kúpeľníctvo 
100 1 |a Páleník, Viliam